000 00915pab a2200157 454500
008 180718b2007 xxu||||| |||| 00| 0 eng d
100 _aSubba Rao, K.G.K.
245 _aFinancial inclusion: an introspection
260 _c2007
300 _ap.355-60.
362 _a3 Feb
520 _aThe impact of the credit policies and financial innovations implemented from time to time with reference to priority sectors is reflected in the decennial household surveys on debt and investment conducted by the National Sample Survey Organisation and also the periodical surveys on small borrowal accounts conducted by the RBI. This article highlights the salient features of these surveys which, inter alia, throw light on the reliance of these groups on institutional and non-institutional sources of finance. - Reproduced.
650 _aFinancial institutions
773 _aEconomic and Political Weekly
909 _a73289
999 _c73289
_d73289